Manual del transporte urbano

Сохранить в:
Библиографические подробности
Главные авторы: Dickey, John W (Автор), Stuart, Robert C (Автор), Walker, Richard D (Автор), Winslow, Alan G (Автор), Diewald, Walter J (Автор), Ding, G. Day (Автор)
Другие авторы: Cunningham, Michael (autor)
Формат:
Язык:испанский
Опубликовано: Madrid Instituto de Estudios de Administración Local 1977
Предметы:
Метки: Добавить метку
Нет меток, Требуется 1-ая метка записи!

MARC

LEADER 00000nam a2200000 a 4500
001 UCU6494
003 CL-VaPUC
008 960621e19770000SP |||||||||||||||||spa|d
082 0 4 |a 388.4  |b DIC  |2 21 
100 0 |a Dickey, John W  |e author  |9 364711 
700 0 |a Stuart, Robert C  |e author  |9 364712 
700 0 |a Walker, Richard D  |e author  |9 364713 
700 |a Cunningham, Michael  |e autor  |9 364714 
700 0 |a Winslow, Alan G  |e author  |9 364715 
700 0 |a Diewald, Walter J  |e author  |9 364716 
700 0 |a Ding, G. Day  |e author  |9 364717 
245 1 0 |a Manual del transporte urbano 
300 |a 674 p 
942 |c BK 
945 |d 19960621 00:00:00  |a cmena 
260 |a Madrid  |b Instituto de Estudios de Administración Local  |c 1977 
650 0 |a Transporte urbano  |9 260307 
650 7 |a TRANSPORTE  |2 CL-VaPUC  |9 256365 
650 0 |a Planificación urbana   |9 258176 
650 7 |a SERVICIOS DE TRANSPORTE  |2 CL-VaPUC  |9 358013 
650 0 |a Transporte público  |9 348060 
583 |a last modification  |c 20150417 17:44:44  |k Rodrigo Vera 
999 |c 249385  |d 249383 
952 |0 0  |1 0  |4 0  |6 388_400000000000000_DIC_1977  |7 0  |8 A  |9 266624  |a BIBING  |b BIBING  |d 2019-11-19  |i 1689967  |o 388.4 DIC 1977  |p 1689967  |r 2025-01-20  |w 2019-11-19  |y BK  |k TRA